|
|
|
|
| LEADER |
04159nam a22005175i 4500 |
| 001 |
978-88-470-0395-8 |
| 003 |
DE-He213 |
| 005 |
20151204152946.0 |
| 007 |
cr nn 008mamaa |
| 008 |
100301s2005 it | s |||| 0|ita d |
| 020 |
|
|
|a 9788847003958
|9 978-88-470-0395-8
|
| 024 |
7 |
|
|a 10.1007/88-470-0395-4
|2 doi
|
| 040 |
|
|
|d GrThAP
|
| 050 |
|
4 |
|a QA21-27
|
| 072 |
|
7 |
|a PBX
|2 bicssc
|
| 072 |
|
7 |
|a MAT015000
|2 bisacsh
|
| 082 |
0 |
4 |
|a 510.9
|2 23
|
| 100 |
1 |
|
|a Beckman, Bengt.
|e author.
|
| 245 |
1 |
0 |
|a Codici Cifrati
|h [electronic resource] :
|b Arne Beurling e la crittografia nella II guerra mondiale /
|c by Bengt Beckman.
|
| 264 |
|
1 |
|a Milano :
|b Springer Milan,
|c 2005.
|
| 300 |
|
|
|a X, 266 pagg.
|b online resource.
|
| 336 |
|
|
|a text
|b txt
|2 rdacontent
|
| 337 |
|
|
|a computer
|b c
|2 rdamedia
|
| 338 |
|
|
|a online resource
|b cr
|2 rdacarrier
|
| 347 |
|
|
|a text file
|b PDF
|2 rda
|
| 505 |
0 |
|
|a Parte 1 -- Un cifrario del XVIII secolo -- La prima macchina cifrante al mondo -- Damm, Hagelin e Gyldén -- Intercettazione di segnali radio e analisi crittografica prima del 1939 -- Guerra -- Entra in scena Arne Beurling -- La flotta russa del Baltico -- Segnali misteriosi -- Telescriventi -- L’analisi di Beurling -- La G-Schreiber e gli “app” -- Crittoanalisi sistematica -- Esce di scena Gyldén, ma ricompare Beurling -- La doppia trasposizione -- Operazione Barbarossa -- Il posto di lavoro -- Contenuti -- La nascita della FRA -- Risultati brillanti, malgrado tutto -- Regressi e fughe di notizie -- L’Armata Rossa e il mare Artico -- Il codice russo a doppia cifratura -- Stella Polaris -- Graduale calo del traffico tedesco -- Borelius fa una visita ai Tedeschi -- Informazioni — Ma quanto valgono? -- Norvegia -- Gli ultimi anni di guerra -- I sistemi crittografici svedesi -- Arne Beurling 1943–1945 -- Parte 2 -- Arne Beurling -- Attraverso gli occhi di una donna -- Una magica amicizia.
|
| 520 |
|
|
|a Durante la II guerra mondiale hanno avuto luogo numerosi risultati di rilievo nel campo della crittografia militare. Uno dei meno conosciuti è stato ottenuto dal servizio di intelligence svedese, nei confronti del codice tedesco usato per le comunicazioni strategiche con i comandi dei paesi occupati nel nord Europa, soprattutto Norvegia e Finlandia, le cui linee passavano per la Svezia. In tal modo, durante la fase più critica della guerra la direzione politica e militare svedese era in grado di seguire i piani e le disposizioni dei Tedeschi, venendo a conoscenza dei più arditi progetti e di modificare la propria politica, per cercare di tenere la Svezia fuori dalla guerra. La storia della violazione del codice tedesco è narrata in dettaglio, per la prima volta, e ha tutti gli aspetti di un thriller, ma con elementi che gli permettono di essere un’ottima introduzione al campo della crittografia, oltre che un ritratto vitale e umano della società del tempo: una disperata condizione bellica, l'intrigo politico e spionistico, il genio a volte incomprensibile ma sempre affascinante del principale artefice del successo - il matematico Arne Beurling - le difficoltà e i trucchi del mestiere, ma anche il lavoro sistematico e oscuro di una folla di decrittatori che vivono la propria condizione come quella di un lavoro normale. L'autore, Bengt Beckman, è stato per anni, dopo la guerra, capo del dipartimento di criptoanalisi dell'agenzia svedese di intelligence.
|
| 650 |
|
0 |
|a Mathematics.
|
| 650 |
|
0 |
|a History.
|
| 650 |
|
0 |
|a Data structures (Computer science).
|
| 650 |
|
0 |
|a Computers.
|
| 650 |
|
0 |
|a Number theory.
|
| 650 |
|
0 |
|a Popular works.
|
| 650 |
1 |
4 |
|a Mathematics.
|
| 650 |
2 |
4 |
|a History of Mathematical Sciences.
|
| 650 |
2 |
4 |
|a History of Science.
|
| 650 |
2 |
4 |
|a Data Structures, Cryptology and Information Theory.
|
| 650 |
2 |
4 |
|a History of Computing.
|
| 650 |
2 |
4 |
|a Number Theory.
|
| 650 |
2 |
4 |
|a Popular Science, general.
|
| 710 |
2 |
|
|a SpringerLink (Online service)
|
| 773 |
0 |
|
|t Springer eBooks
|
| 776 |
0 |
8 |
|i Printed edition:
|z 9788847003163
|
| 856 |
4 |
0 |
|u http://dx.doi.org/10.1007/88-470-0395-4
|z Full Text via HEAL-Link
|
| 912 |
|
|
|a ZDB-2-SMA
|
| 950 |
|
|
|a Mathematics and Statistics (Springer-11649)
|